Elizabeth Taylor's Husbands Quiz Stats

 Plays Quiz Updated Feb 18, 2020

Support Sporcle.
Go Orange.
Score 0/8 Timer 02:00
0 Plays Today
Years Married Hubbie % Correct
March 15, 1964 – June 26, 1974Richard Burton
94.3%
October 10, 1975 – July 29, 1976Richard Burton (Let's try that again)
94.3%
May 12, 1959 – March 6, 1964Eddie Fisher
70.3%
May 6, 1950 – January 29, 1951Conrad 'Nicky' Hilton
56.7%
February 2, 1957 – March 22, 1958Michael Todd
45.6%
December 4, 1976 – November 7, 1982John Warner
43.4%
October 6, 1991 – October 31, 1996Larry Fortensky
33.9%
February 21, 1952 – January 26, 1957Michael Wilding
27.6%

From the Vault

Find the Star: World Capitals IX

by joeydeka

Geography 90s
If you find us, can you let us know where we left it?
Remove Ads.
Support Sporcle.
Get the best of Sporcle when you Go Orange. This ad-free experience offers more features, more stats, and more fun while also helping to support Sporcle. Thank you for becoming a member.

Show Comments

Extras

Top Quizzes Today


Score Distribution

Your Account Isn't Verified!

In order to create a playlist on Sporcle, you need to verify the email address you used during registration. Go to your Sporcle Settings to finish the process.

Report this User

Report this user for behavior that violates our Community Guidelines.

Details: